Statistics for Tallest Buildings In the World 2020

Click here to take the quiz!

General Stats

  • This quiz has been taken 5 times
  • The average score is 3 of 10

Answer Stats

Technical HintSimpler HintAnswer% Correct
In Dubai at 828 metres tall.The tallest in the world.Burj Khalifa
100%
In Taipei at 508 metres tall.Once the former tallest in the world.Taipei 101
100%
In Shanghai at 632 metres tall.The tallest in China.Shanghai Tower
75%
In Seoul at 554 metres tall.Lotte World Tower
25%
In New York at 541 metres tall.The tallest in the USA and is one the former site of two bombed out buildings.One World Trade Centre
25%
In Mecca at 601 metres tall.Near the holy pilgrimage site of Mecca.Abraj Al-Bait Clock Tower
0%
In Beijing at 528 metres tall.China Zun
0%
In Guangzhou at 530 metres tall.Guangzhou CTF Finance Centre
0%
In Shenzen (China) at 599 metres tall.Ping An Finance Centre
0%
In Tianjin at 530 metres tall.Tianjin CTF Finance Centre
0%

Score Distribution

Percentile by Number Answered

Percent of People with Each Score

Your Score History

You have not taken this quiz